| 000 | 00519nam a2200157 a 4500 | ||
|---|---|---|---|
| 005 | 20140310183300.0 | ||
| 008 | 041126s19uu xx 00 eng d | ||
| 020 | _a1857370465 | ||
| 050 |
_aQ 123 _b.Il29 1993 |
||
| 245 |
_aThe illustrated dictionary of science and technology / _ccontributors : Peter Mellet, Philip Morgan, Jane Walker. |
||
| 260 |
_aWiltshire, UK : _bMerlion Publishing, _c1993. |
||
| 300 |
_a160 p. : _bcol. : ill. ; _c29 cm. |
||
| 650 |
_aScience _xTechnology. |
||
| 942 |
_cBK _2lcc |
||
| 999 |
_c20949 _d20949 |
||